Muppets - Sudden Death - Statistics

General Stats
  • This quiz has been taken 565 times
    560 since last reset
  • The average score is 23 of 34
Answers on the Grid
Answers color-coded by a green-red scale on the quiz's grid according to % correct below.
Animal
Barkley
Beaker
Bert
Betty Lou
Big Bird
Buzz Lightyear
Charlie McCarthy
Chucky
Cookie Monster
Count von Count
Dr. Bunsen Honeydew
Elmo
Ernie
Fozzie Bear
Gonzo
Goofy
Gromit
Grover
Guy Smiley
Herry Monster
Honkers
Howdy Doody
Kermit the Frog
Lamb Chop
Lisa Simpson
Miss Piggy
Mr. Snuffleupagus
Oscar the Grouch
Pinocchio
Pluto
Prairie Dawn
Punky Brewster
Rodeo Rosie
Roosevelt Franklin
Rowllf the Dog
Sam Eagle
Scooter
Sherlock Hemlock
Slimey
SpongeBob SquarePants
Statler
Strawberry Shortcake
Teddy Ruxpin
Telly Monster
The Swedish Chef
Waldorf
Yoda
Yosemite Sam
Zoe
Zorro
 
Answer Stats
Answer % Correct
Kermit the Frog
96%
Miss Piggy
96%
Gonzo
95%
Fozzie Bear
92%
Elmo
91%
Animal
90%
Cookie Monster
88%
Bert
87%
Big Bird
87%
Ernie
87%
Beaker
86%
Oscar the Grouch
86%
The Swedish Chef
86%
Count von Count
84%
Grover
81%
Rowllf the Dog
78%
Scooter
75%
Sam Eagle
74%
Mr. Snuffleupagus
73%
Dr. Bunsen Honeydew
70%
Waldorf
70%
Statler
62%
Zoe
51%
Telly Monster
49%
Barkley
48%
Herry Monster
48%
Guy Smiley
45%
Rodeo Rosie
44%
Honkers
43%
Betty Lou
39%
Prairie Dawn
37%
Sherlock Hemlock
35%
Roosevelt Franklin
34%
Slimey
33%
No matching quizzes found
Score Distribution
Percent of People with Each Score
Percentile by Number Answered
Your Score History
You have not taken this quiz since the last reset